Quản trị rủi ro tại các ngân hàng thương mai Việt Nam trong bối cảnh hội nhập quốc tế : Sách chuyên khảo
Nôi dung cuốn sách trình bài gồm cơ sở lý luận về quản trị rủi ro của ngân hàng thương mại trong bối cảnh hội nhập quốc tế; Thực trạng áp dụng quản trị rủi ro theo thông lệ quốc tế tại các ngân hàng thương mại Việt Nam; Xu hướng hệ tho...
محفوظ في:
| المؤلف الرئيسي: | |
|---|---|
| التنسيق: | كتاب |
| اللغة: | Vietnamese |
| منشور في: |
H.
Khoa học xã hội
2021
|
| الموضوعات: | |
| الوسوم: |
إضافة وسم
لا توجد وسوم, كن أول من يضع وسما على هذه التسجيلة!
|
| Thư viện lưu trữ: | Thư viện Trường Đại học Nam Cần Thơ |
|---|
| LEADER | 01643nam a22002057a 4500 | ||
|---|---|---|---|
| 001 | NCT_136531 | ||
| 008 | 220616b xxu||||| |||| 00| 0 vie d | ||
| 999 | |c 7043 |d 7043 | ||
| 020 | 0 | 4 | |a 9786043085013 |c 98000 |
| 082 | 0 | 4 | |2 23rd ed. |a 332.12 |b D561 |
| 100 | 1 | |a Tô Thị Ánh Dương | |
| 245 | 1 | 0 | |a Quản trị rủi ro tại các ngân hàng thương mai Việt Nam trong bối cảnh hội nhập quốc tế : |b Sách chuyên khảo |c Tô Thị Ánh Dương |
| 260 | |a H. |b Khoa học xã hội |c 2021 | ||
| 300 | |a 372 tr. |b Hình vẽ, ảnh |c 21 cm | ||
| 500 | |a ĐTTS ghi: Viện Hàn lâm Khoa học xã hội Việt Nam. Viện Kinh tế Việt Nam. | ||
| 520 | 3 | |a Nôi dung cuốn sách trình bài gồm cơ sở lý luận về quản trị rủi ro của ngân hàng thương mại trong bối cảnh hội nhập quốc tế; Thực trạng áp dụng quản trị rủi ro theo thông lệ quốc tế tại các ngân hàng thương mại Việt Nam; Xu hướng hệ thống tài chính - tiền tệ toàn cầu và Việt Nam đến năm 2030 và giải pháp tăng cường quản trị rủi ro tại ngân hàng thương mại Việt Nam theo thông lệ quốc tế trong bối cảnh hội nhập sâu rộng. | |
| 653 | |a Tài chính - Ngân hàng | ||
| 942 | |2 ddc |c BK | ||
| 952 | |0 0 |1 0 |2 ddc |4 0 |6 332_120000000000000_D561 |7 0 |9 25135 |a 000001 |b 000001 |d 2022-06-16 |o 332.12 D561 |p MD.19780 |r 2022-06-16 |v 98000.00 |w 2022-06-16 |y BK | ||
| 980 | |a Thư viện Trường Đại học Nam Cần Thơ | ||


